Pokémon di tipo Psico puro - Statistics

Statistiche generali
  • Questo quiz è stato fatto 11 volte
  • Il punteggio medio è 35 su 49
Statistiche sulle risposte
Numero Pokédex Nazionale Tipo Tipo Pokémon % Corretto
150 Psico Psico MegaMewtwo Y
100%
151 Psico Psico Mew
100%
150 Psico Psico Mewtwo
100%
63 Psico Psico Abra
89%
65 Psico Psico Alakazam
89%
493 Psico Psico Arceus (Psico)
89%
482 Psico Psico Azelf
89%
488 Psico Psico Cresselia
89%
386 Psico Psico Deoxys (Forma Attacco)
89%
386 Psico Psico Deoxys (Forma Difesa)
89%
386 Psico Psico Deoxys (Forma Normale)
89%
386 Psico Psico Deoxys (Forma Velocità)
89%
96 Psico Psico Drowzee
89%
574 Psico Psico Gothita
89%
576 Psico Psico Gothitelle
89%
97 Psico Psico Hypno
89%
64 Psico Psico Kadabra
89%
65 Psico Psico MegaAlakazam
89%
481 Psico Psico Mesprit
89%
480 Psico Psico Uxie
89%
575 Psico Psico Gothorita
78%
577 Psico Psico Solosis
78%
201 Psico Psico Unown
78%
358 Psico Psico Chimecho
67%
433 Psico Psico Chingling
67%
578 Psico Psico Duosion
67%
326 Psico Psico Grumpig
67%
517 Psico Psico Munna
67%
518 Psico Psico Musharna
67%
579 Psico Psico Reuniclus
67%
325 Psico Psico Spoink
67%
202 Psico Psico Wobbuffet
67%
360 Psico Psico Wynaut
67%
606 Psico Psico Beheeyem
56%
605 Psico Psico Elgyem
56%
677 Psico Psico Espurr
56%
678 Psico Psico Meowstic (Femmina)
56%
678 Psico Psico Meowstic (Maschio)
56%
773 Psico Psico Silvally (Forma Psico)
56%
79 Psico Psico Slowpoke (Forma di Galar)
56%
790 Psico Psico Cosmoem
44%
789 Psico Psico Cosmog
44%
856 Psico Psico Hatenna
44%
857 Psico Psico Hattrem
44%
800 Psico Psico Necrozma
44%
956 Psico Psico Espathra
33%
196 Psico Psico Espeon
33%
955 Psico Psico Flittle
33%
77 Psico Psico Ponyta (Forma di Galar)
33%
Nessun quiz corrispondente trovato
Distribuzione punteggi
Percentuale di utenti per punteggio
Percentile per numero di risposta
I tuoi punteggi nel tempo
Non hai fatto questo quiz